000 00548nam a22001937a 4500
003 OSt
005 20160707135733.0
008 160707b xxu||||| |||| 00| 0 eng d
020 _a0443070040
040 _c040a
082 _aWA 300
_bL57S 2009
100 _aLeung, Wai-Ching
_910012
245 _aSelf-assessment in integrated medical sciences /
_cWai-Ching Leung
260 _aEdinburgh
_bChurchill Livingstone
_c2009
300 _aix, 273p;
_bill :
_c28 cm.
504 _aIncludes index
650 _aSelf assessment
_910013
942 _2z
_cO_SHELF
999 _c4655
_d4655